Statystyki dla Ultimate TOTS - FIFA 21

Kliknij tutaj aby rozwiązać quiz!

Ogólne statystyki

  • Ten quiz został rozwiązany 228 razy
  • Średni wynik to 13 z 15

Statystyki odpowiedzi

OverallNarodowośćKlubPiłkarz% Poprawnych
96SłoweniaAtletico MadrytOblak
97%
98PolskaBayern MonachiumLewandowski
95%
97FrancjaPSGMbappe
95%
98ArgentynaBarcelonaMessi
95%
98PortugaliaJuventusRonaldo
95%
96EgiptLiverpoolSalah
95%
96BelgiaManchester CityDe Bruyne
94%
96AngliaTottenhamKane
94%
96BelgiaInterLukaku
92%
96NiemcyBayern MonachiumKimmich
90%
96PortugaliaManchester UnitedFernandes
89%
91PortugaliaManchester CityCancelo
81%
92HolandiaInterDe Vrij
80%
92FrancjaMilanHernandez
72%
92FrancjaLilleBamba
50%

Rozkład punktacji

Percentyl według liczby udzielonych odpowiedzi

Procent ludzi z każdym wynikiem

Twoja historia wyników

Nie rozwiązałeś tego quizu